000 00696nam a22002537a 4500
001 00007458
003 DO-SdBNP
005 20180202092748.0
007 00007458
008 160530b 1988 nyu ||||| |||| 00| 0 spa d
020 _a0590409662
040 _aBPMSU
_bspa
_cBPMSU
092 _axxxxx
_bxxxxx
100 1 _aHiller, B.B.
245 1 0 _aRent a third grader /
_cby B.B. Hiller ; illustrations by Meredith Johnson.
260 _aNew York :
_bScholastic,
_c1988.
300 _a190 p. :
_bil. ;
_c19 cm.
490 1 _aLittle apple
700 1 2 _aJohnson, Meredith,
_eil.
830 0 _pLittle apple.
942 _2ddc
_cBK
945 _aInventariado, 2018 /LP
956 _aLOPEREZ
_b10
999 _c10231
_d10231